000 00337nam a2200145Ia 4500
008 200103s9999||||xx |||||||||||||| ||und||
040 _aIMU-MPC
082 _aColumn-10
100 _aAdmiralty
245 0 _aTide Tables
250 _aVol. 2
260 _bAdmirality Charts and Publications
_c1995
300 _axxxvii, 462
942 _cBK
999 _c4447
_d4447